| 000 | 00997nam a22003137a 4500 | ||
|---|---|---|---|
| 001 | BR7909054 | ||
| 003 | BR-BrBNA | ||
| 005 | 20230928090428.0 | ||
| 007 | ta | ||
| 008 | 230509b bl.||||| |||| 00| 0 por d | ||
| 040 |
_aBR-BrBNA _bpor _cBiblioteca Nacional de Agricultura |
||
| 041 | _a(Por) | ||
| 072 |
_aL72; Q20 _b5300 _b4060 _b/G514 |
||
| 090 | _ 5300 BR7909054 | ||
| 100 | 1 | _aCarvalho, J.B. de | |
| 110 | 1 |
_aUniversidade Federal Rural do Rio de Janeiro, Itaguai (Brasil) _0Tese (Mestre) _911225 |
|
| 245 | 1 | _aCisticercose cerebral em suinos abatidos no matadouro de Santa Cruz - Rio de Janeiro, RJ - Brasil [Cysticercus cellulosae, helminto] | |
| 260 | 3 |
_aItaguai, RJ (Brasil): _c1979. |
|
| 300 | _a60 p. | ||
| 500 | _a13 illus.; 46 ref.; Summaries (Eng, Por) | ||
| 650 | _aSUINO | ||
| 650 | _aCISTICERCOSE | ||
| 650 | _aHELMINTO | ||
| 650 | _aABATEDOURO | ||
| 650 | _aINSPECAO SANITARIA | ||
| 650 | _aRIO DE JANEIRO | ||
| 909 |
_a202309 _bLucia _c55 _dLucia Elande |
||
| 942 | _cBK | ||
| 999 |
_c28803 _d28803 |
||